| 000 | 02158nam a22002897a 4500 | ||
|---|---|---|---|
| 005 | 20110802150250.0 | ||
| 010 | _aB-436148-152 | ||
| 020 |
_a8182634326 _c15.00 |
||
| 035 | _aB-436148-152 | ||
| 037 | _bब्लयूबेरी बुक्स | ||
| 082 | _aक | ||
| 100 |
_aजायसवाल, संजीव 'संजय' _931294 |
||
| 245 |
_aराजा का दर्द / _cसंजीव जायसवाल 'संजय'; अजीत नारायण द्वारा चित्रांकित |
||
| 246 |
_aRaja ka dard _bby Sanjeev Jayaswal 'Sanjay' |
||
| 250 | _a2रा हिन्दी संस्क. | ||
| 260 |
_aनई दिल्ली _bप्रथम बुक्स _c2010 |
||
| 270 |
_a633-634, 4th "C" Main, 6th 'B' Cross, OMBR Layout, Banaswadi, _bBangalore _e560043 _k+91 11 41042483 |
||
| 300 | 1 |
_a12पृ. _bसचित्र _c18x22 सेमी (अजिल्द) |
|
| 700 |
_928836 _aअजीत नारायण |
||
| 942 |
_2ddc _cCH _hक _mजायस |
||
| 999 |
_c54712 _d54712 |
||